Las batallas desiertas del pensamiento del 68 : un acercamiento analítico a Ciudades desiertas, de José Agustín /
Uloženo v:
| Hlavní autor: | |
|---|---|
| Médium: | Kniha |
| Jazyk: | španělština |
| Vydáno: |
Guadalajara, México :
Universidad de Guadalajara, Coordinación de Investigación y Posgrado,
2006, c2006
|
| Edice: | (Producción Académica de los Miembros del Sistema Nacional de Investigadores)
|
| Témata: | |
| Tagy: |
Žádné tagy, Buďte první, kdo vytvoří štítek k tomuto záznamu!
|
MARC
| LEADER | 00000nam^a2200000^a^4500 | ||
|---|---|---|---|
| 001 | 000392566 | ||
| 005 | 20250521000000.0 | ||
| 009 | 20260310121245.343 | ||
| 020 | |a 970-27-1141-X | ||
| 037 | |a Acervo ITESO - Biblioteca | ||
| 041 | |a ESP | ||
| 082 | |a 860. 972063 |b EUD | ||
| 100 | |a Eudave, Cecilia |e (autor) | ||
| 245 | 1 | 4 | |a Las batallas desiertas del pensamiento del 68 : |b un acercamiento analítico a Ciudades desiertas, de José Agustín / |c C. Eudave ; presen. de María Guadalupe Sánchez Robles. |
| 264 | 4 | |a Guadalajara, México : |b Universidad de Guadalajara, Coordinación de Investigación y Posgrado, |c 2006, c2006 | |
| 300 | |a 245 p. | ||
| 336 | |a texto |b txt |2 rdacontenido | ||
| 337 | |a sin mediación |b n |2 rdamedio | ||
| 338 | |a volumen |b nc |2 rdasoporte | ||
| 440 | 1 | |a (Producción Académica de los Miembros del Sistema Nacional de Investigadores) | |
| 545 | 0 | |a José Agustín, cuyo nombre completo es José Agustín Ramírez Gómez, nació en Guadalajara en 1944, pero su formación literaria se produjo en la ciudad de México. La tumba (1964) y De perfil (1966), sus dos primeras novelas, tienen por personajes principales a adolescentes capitalinos y anticipan los temas y estilo con los que se ha identificado a su autor. Considerado uno de los principales exponentes de la Onda, corriente que dio tratamiento literario al lenguaje coloquial de los jóvenes, José Agustín prosiguió su obra narrativa con Inventando que sueño (1969), Se está haciendo tarde: final en laguna (1973), El rey se acerca a su templo (1980), Ciudades desiertas (1982), Cerca del fuego (1986), No hay censura (1988), Luz interna (1989), Luz externa (1990) y Amor del bueno (1996), entre otros títulos. Contra la corriente (1991), Tragicomedia mexicana (1990-1998) y La contracultura en México (1996) son, por su parte, muestras de la faceta de cronista de José Agustín, quien también ha incursionado en los géneros del ensayo y el teatro y en el guionismo y la dirección fílmicas. | |
| 649 | |a XX | ||
| 650 | |a Escritores Jaliscienses | ||
| 650 | |a Escritores Mexicanos | ||
| 650 | |a Novela Jalisciense - |x Historia y Crítica | ||
| 650 | |a Novela Mexicana - |x Historia y Crítica | ||
| 650 | |a Literatura y Sociedad - |z México - |x Historia y Crítica | ||
| 650 | |a Literatura Jalisciense - |y Siglo XX | ||
| 650 | |a Literatura Mexicana - |y Siglo XX | ||
| 650 | |a Agustín, José - |x Tema Principal | ||
| 910 | |a Fondo General | ||
| 920 | |a Impresos - Libros | ||
| 930 | |a Colección General | ||
| 940 | |a Literatura | ||
| 905 | |a 101 | ||
| 901 | |a 0500287456 |b IT1 |c LIT |i D87450 |u 20250521 | ||
| 902 | |a https://opac.biblio.iteso.mx/vufind/Record/000392566 | ||